Conspicuous waste (Record no. 502224)

000 -LEADER
fixed length control field 00289cam a22001097a 4500
008 - FIXED-LENGTH DATA ELEMENTS--GENERAL INFORMATION
fixed length control field 180718b xxu||||| |||| 00| 0 eng d
082 ## - DEWEY DECIMAL CLASSIFICATION NUMBER
Classification number L6x54 P884
245 ## - TITLE STATEMENT
Title Conspicuous waste
260 ## - PUBLICATION, DISTRIBUTION, ETC.
Place of publication, distribution, etc. Delhi
Name of publisher, distributor, etc. Praja Socialist Publication
Date of publication, distribution, etc.
300 ## - PHYSICAL DESCRIPTION
Extent 17p.
650 ## - SUBJECT ADDED ENTRY--TOPICAL TERM
Topical term or geographic name entry element Expenditures, Government - India
Holdings
Withdrawn status Lost status Damaged status Not for loan Permanent Location Current Location Date acquired Full call number Barcode Date last seen Price effective from Koha item type
        Indian Institute of Public Administration Indian Institute of Public Administration 2018-08-04 L6x54 P884 GR4984 2018-08-04 2018-08-04 GR

Powered by Koha